[Event "Berlin Lieb Memorial 2nd"]
[Site "Berlin"]
[Date "2016.06.09"]
[Round "4"]
[White "Prix, Siegfried"]
[Black "Koerner, Reinhard"]
[Result "1-0"]
[WhiteElo "1729"]
[BlackElo "1483"]
[PlyCount "73"]
[EventDate "2016.05.19"]
[EventType "swiss"]
[EventRounds "7"]
[EventCountry "GER"]
[SourceTitle "EXT 2022"]
[Source "ChessBase"]
[SourceDate "2021.10.06"]
[SourceVersion "1"]
[SourceVersionDate "2021.10.06"]
[SourceQuality "1"]

1. d4 b6 2. e4 Bb7 3. Nc3 e6 4. Nf3 Nf6 5. Bd3 Be7 6. 0-0 0-0 7. e5 Nd5 8. Bd2 c5 9. Ne4 f5 10. Nd6 Bxd6 11. exd6 cxd4 12. Nxd4 a6 13. c4 Nf6 14. Bf4 Nc6 15. Nf3 Nb4 16. Be2 Rc8 17. a3 Nc6 18. b4 Na7 19. Rc1 Ne4 20. Nd4 Qf6 21. Nf3 Nc3 22. Qc2 Nxe2+ 23. Qxe2 Nc6 24. Qe3 b5 25. Qb6 Rb8 26. cxb5 axb5 27. Qxb5 Qb2 28. Ra1 h6 29. h4 Rfd8 30. Rfb1 Qf6 31. Ra2 Nd4 32. Nxd4 Qxd4 33. Qe5 Qc4 34. Rab2 Qc6 35. f3 Qa4 36. Be3 Qxa3 37. Bd4 1-0

[Event "Berlin Lieb Memorial 2nd"]
[Site "Berlin"]
[Date "2016.05.26"]
[Round "2"]
[White "Poecheim, Stephan"]
[Black "Koerner, Reinhard"]
[Result "1-0"]
[WhiteElo "1761"]
[BlackElo "1483"]
[PlyCount "103"]
[EventDate "2016.05.19"]
[EventType "swiss"]
[EventRounds "7"]
[EventCountry "GER"]
[SourceTitle "EXT 2022"]
[Source "ChessBase"]
[SourceDate "2021.10.06"]
[SourceVersion "1"]
[SourceVersionDate "2021.10.06"]
[SourceQuality "1"]

1. Nf3 Nf6 2. g3 b6 3. Bg2 Bb7 4. 0-0 e6 5. d3 Be7 6. e4 d6 7. Re1 Nbd7 8. Nc3 0-0 9. Bg5 Rb8 10. Qe2 a6 11. Rad1 c5 12. h3 Qc7 13. Nh2 Rfe8 14. f4 h6 15. Bh4 Nh7 16. Bxe7 Rxe7 17. Qf2 b5 18. g4 b4 19. Ne2 Nb6 20. b3 a5 21. Nf3 f5 22. gxf5 exf5 23. exf5 Nf6 24. Ng3 Rbe8 25. Rxe7 Rxe7 26. Re1 Nbd5 27. Rxe7 Qxe7 28. Nd2 Bc8 29. Nde4 h5 30. Qe2 Nxf4 31. Nxf6+ Qxf6 32. Qe8+ Qf8 33. Qxf8+ Kxf8 34. h4 Nxg2 35. Kxg2 Kf7 36. Kf3 g6 37. Kf4 gxf5 38. Nxf5 d5 39. Nd6+ Ke6 40. Nxc8 Kd7 41. Ke5 Kxc8 42. Kxd5 Kd7 43. Kxc5 Ke6 44. Kb5 Kf5 45. Kxa5 Kg4 46. d4 Kxh4 47. d5 Kg4 48. d6 h4 49. d7 h3 50. d8Q h2 51. Qd5 Kg3 52. Qh1 1-0

[Event "Berlin Eckbauer op 18th"]
[Site "Berlin"]
[Date "2015.11.02"]
[Round "4"]
[White "Meinicke, Kurt"]
[Black "Koerner, Reinhard"]
[Result "0-1"]
[WhiteElo "1523"]
[BlackElo "1483"]
[PlyCount "60"]
[EventDate "2015.10.05"]
[EventType "swiss"]
[EventRounds "7"]
[EventCountry "GER"]
[SourceTitle "EXT 2022"]
[Source "ChessBase"]
[SourceDate "2021.10.06"]
[SourceVersion "1"]
[SourceVersionDate "2021.10.06"]
[SourceQuality "1"]

1. d4 b6 2. Nf3 Bb7 3. e3 Nf6 4. c4 e6 5. Be2 Be7 6. 0-0 0-0 7. Nc3 d6 8. b3 Nbd7 9. Qc2 c5 10. Re1 cxd4 11. exd4 Rc8 12. Nb5 a6 13. Nc3 Qc7 14. Bf4 e5 15. Bg3 b5 16. Rab1 b4 17. Nd1 Ne4 18. d5 Nxg3 19. fxg3 f5 20. Ne3 Qb6 21. Kh1 Qxe3 22. Bd3 Qh6 23. Bxf5 Rcd8 24. Re4 Rxf5 25. Rh4 Bxh4 26. Nxh4 Rf7 27. Qe2 Rdf8 28. Kg1 Nc5 29. Nf3 Bc8 30. h4 Qg6 0-1

[Event "Berlin Lieb Memorial 1st"]
[Site "Berlin"]
[Date "2015.05.28"]
[Round "2"]
[White "Koerner, Reinhard"]
[Black "Haar, Reinhard"]
[Result "0-1"]
[WhiteElo "1460"]
[BlackElo "1665"]
[PlyCount "54"]
[EventDate "2015.05.21"]
[EventType "swiss"]
[EventRounds "7"]
[EventCountry "GER"]
[SourceTitle "EXT 2022"]
[Source "ChessBase"]
[SourceDate "2021.10.06"]
[SourceVersion "1"]
[SourceVersionDate "2021.10.06"]
[SourceQuality "1"]

1. d4 Nf6 2. c4 g6 3. Nc3 d5 4. cxd5 Nxd5 5. e4 Nxc3 6. bxc3 Bg7 7. Bb5+ Bd7 8. Qb3 Qc8 9. Rb1 b6 10. Bc4 0-0 11. Nf3 c5 12. Ng5 e6 13. d5 b5 14. dxe6 bxc4 15. exd7 cxb3 16. dxc8Q Bxc3+ 17. Ke2 Rxc8 18. Rxb3 Be5 19. Rb7 Rc7 20. Rb5 Nc6 21. Nf3 Bg7 22. Rd1 Nd4+ 23. Nxd4 cxd4 24. Bb2 Rd8 25. Rd3 Re7 26. f3 f5 27. Rd5 Rxd5 0-1

[Event "Berlin Eckbauer op 15th"]
[Site "Berlin"]
[Date "2012.10.17"]
[Round "2.26"]
[White "Muenstermann, Claudia"]
[Black "Koerner, Reinhard"]
[Result "1-0"]
[WhiteElo "1777"]
[BlackElo "1484"]
[PlyCount "47"]
[EventDate "2012.10.15"]
[EventType "swiss"]
[EventRounds "7"]
[EventCountry "GER"]
[SourceTitle "EXT 2022"]
[Source "ChessBase"]
[SourceDate "2021.10.06"]
[SourceVersion "1"]
[SourceVersionDate "2021.10.06"]
[SourceQuality "1"]

1. e4 b6 2. d4 Bb7 3. Nc3 e6 4. a3 Nf6 5. Bd3 Be7 6. f3 d6 7. Be3 0-0 8. Qd2 c5 9. e5 cxd4 10. Bxd4 dxe5 11. Bxe5 Nc6 12. Bg3 Rc8 13. Nge2 Nh5 14. 0-0-0 Bg5 15. f4 Bh6 16. Kb1 g6 17. Qe1 Bg7 18. Bxg6 Qxd1+ 19. Qxd1 Nxg3 20. Bxh7+ Kxh7 21. hxg3+ Kg8 22. Qd3 f5 23. Qd7 Ba8 24. Qxe6+ 1-0